Statistische Information in Verkehr gesetze neue Motorfahrzeuge im Jahr 1984

Enregistré dans:
Détails bibliographiques
Format: Livre
Langue:allemand
Publié: Vaduz Amt für Volkswirtschaft 1984
Tags: Ajouter un tag
Pas de tags, Soyez le premier à ajouter un tag!

MARC

LEADER 00000nam a2200000 4500
001 c106721
005 20251217120212.2
041 0 |a ger 
044 |a LI 
245 1 0 |a Statistische Information  |b in Verkehr gesetze neue Motorfahrzeuge im Jahr 1984 
264 1 |a Vaduz  |b Amt für Volkswirtschaft  |c 1984 
300 |a Nestr.